Normal view
MARC view
- David C. Jenn
Entry Personal Name
001 - CONTROL NUMBER
- control field: 127247
003 - CONTROL NUMBER IDENTIFIER
- control field: NUST
005 - DATE AND TIME OF LATEST TRANSACTION
- control field: 20241230111725.0
008 - FIXED-LENGTH DATA ELEMENTS
- fixed length control field: 241230|| aca||aabn | a|a d
040 ## - CATALOGING SOURCE
- Original cataloging agency: NUST
- Transcribing agency: NUST
100 ## - HEADING--PERSONAL NAME
- Personal name: David C. Jenn
670 ## - SOURCE DATA FOUND
- Source citation: Work cat.: (NUST): David C. Jenn, Radar and laser cross section engineering , 1995.
